000 00417nam a2200145Ia 4500
008 100122s9999 xx 000 0 und d
082 _b17083
_aNill
100 _aशुक्ल रामशंकर
245 _aहिंदीकोश
260 _bरामनारायण लाल
_c1937
300 _a1908
630 _aहिंदीकोश
730 _aहिंदीकोश
942 _cBOOK
999 _c382818
_d382815